Ready To Run - One Direction (All Lyrics) - Statistics

General Stats
  • This quiz has been taken 73 times
  • The average score is 315 of 364
Answer Stats
Lyrics % Correct
a
100%
be
100%
I
100%
the
100%
you,
100%
you
100%
your
100%
and
98%
from
98%
i'm
98%
I'm
98%
ready
98%
(ready
98%
run
98%
run)
98%
sun
98%
to
98%
when
98%
city
95%
this
95%
(this
95%
time
95%
wanna
95%
escape
93%
in
93%
yours
93%
no
91%
of
91%
follow
89%
night
89%
'cause
86%
don't
86%
back,
84%
can
84%
dark
84%
get
84%
lost
84%
me
84%
mine?
84%
never
84%
(oh,
84%
oh)
84%
there
84%
belong
82%
can't
82%
free
82%
look
82%
place
82%
there's
82%
but
80%
eyes
80%
is
80%
now
80%
that
80%
alright
77%
i'll
77%
know,
77%
know
77%
are,
75%
it
75%
we'll
75%
yes,
75%
for
73%
out
73%
wherever
73%
deny
70%
love
70%
on
70%
will
70%
every
68%
running
68%
alive
66%
it's
66%
make
64%
my
64%
then
64%
without
64%
chasing
61%
fine
61%
realise
61%
give
59%
life
59%
future
57%
way
57%
around,
55%
change
55%
devil
55%
everything
55%
finally
55%
got
55%
only
55%
smile,
55%
always
52%
boat,
52%
inside
52%
turn
52%
lightning
50%
sinking
50%
i'd
48%
next
48%
course,
45%
course
45%
keep
45%
kind
45%
moment
45%
criticise
43%
speed
43%
stay
43%
foresee
41%
tide
41%
young
41%
gaining
39%
rolling
39%
unless,
34%
No matching quizzes found
Score Distribution
Percent of People with Each Score
Percentile by Number Answered
Your Score History
You have not taken this quiz